Transfery Aston Villi w letnim okienku transferowym 2021/22. - Statystyki

Ogólne statystyki
  • Ten quiz został rozwiązany 18 razy
  • Średni wynik to 5 z 5
Statystyki odpowiedzi
Cena Pozycja Narodowość Poprzedni Klub Piłkarz % Poprawnych
32,00 mln Lewy napastnik Jamajka Bayer Leverkusen Bailey
100%
35,20 mln Środkowy napastnik Anglia Southampton Ings
100%
38,40 mln Prawy napastnik Argentyna Norwich Buendia
93%
Za darmo Lewy obrońca Anglia Inter Young
86%
Wypożyczenie Środkowy obrońca Anglia Manchester United Tuanzebe
71%
Nie znaleziono quizów pasujących do podanych kryteriów
Rozkład punktacji
Procent ludzi z każdym wynikiem
Percentyl według liczby udzielonych odpowiedzi
Twoja historia wyników
Nie rozwiązałeś tego quizu